Statistics for Movie Ratings Click Quiz #2

Click here to take the quiz!

General Stats

  • This quiz has been taken 2,056 times
  • The average score is 14 of 25

Answer Stats

HintAnswer% Correct
74%
72%
72%
72%
72%
71%
70%
68%
68%
66%
63%
61%
59%
56%
54%
54%
53%
52%
52%
46%
43%
41%
33%
33%
23%

Score Distribution

Percentile by Number Answered

Percent of People with Each Score

Your Score History

You have not taken this quiz